<?xml version="1.0" encoding="UTF-8"?>
<record
    xmlns:xsi="http://www.w3.org/2001/XMLSchema-instance"
    xsi:schemaLocation="http://www.loc.gov/MARC21/slim http://www.loc.gov/standards/marcxml/schema/MARC21slim.xsd"
    xmlns="http://www.loc.gov/MARC21/slim">

  <leader>00801nam a2200277Ia 4500</leader>
  <controlfield tag="003">OSt</controlfield>
  <controlfield tag="005">20240911095519.0</controlfield>
  <controlfield tag="008">210331s9999||||xx |||||||||||||| ||und||</controlfield>
  <datafield tag="020" ind1=" " ind2=" ">
    <subfield code="a">9788126477005</subfield>
  </datafield>
  <datafield tag="040" ind1=" " ind2=" ">
    <subfield code="c">STCPL</subfield>
  </datafield>
  <datafield tag="041" ind1=" " ind2=" ">
    <subfield code="a">MAL</subfield>
  </datafield>
  <datafield tag="082" ind1=" " ind2=" ">
    <subfield code="a">M301</subfield>
    <subfield code="b">JOR-B</subfield>
  </datafield>
  <datafield tag="100" ind1=" " ind2=" ">
    <subfield code="a">Borges, Jorge Luis </subfield>
    <subfield code="q">&#xD39;&#xD4B;&#xD7C;&#xD39;&#xD46; &#xD32;&#xD42;&#xD2F;&#xD3F; &#xD2C;&#xD4B;&#xD7C;&#xD39;&#xD38;&#xD4D; </subfield>
  </datafield>
  <datafield tag="245" ind1=" " ind2="0">
    <subfield code="a">Borgesinte  kathakal /</subfield>
    <subfield code="c">by Jorge Luis Borges</subfield>
    <subfield code="h">&#xD2C;&#xD4B;&#xD7C;&#xD39;&#xD38;&#xD3F;&#xD28;&#xD4D;&#x200D;&#xD31;&#xD46; &#xD15;&#xD25;&#xD15;&#xD7E; </subfield>
  </datafield>
  <datafield tag="260" ind1=" " ind2=" ">
    <subfield code="a">Kottayam :</subfield>
    <subfield code="b">D C Books , </subfield>
    <subfield code="c">2018 .</subfield>
  </datafield>
  <datafield tag="300" ind1=" " ind2=" ">
    <subfield code="a">350 p.</subfield>
    <subfield code="b">PB</subfield>
  </datafield>
  <datafield tag="650" ind1=" " ind2=" ">
    <subfield code="a">Malayalam literature</subfield>
  </datafield>
  <datafield tag="650" ind1=" " ind2=" ">
    <subfield code="a">Fiction </subfield>
  </datafield>
  <datafield tag="650" ind1=" " ind2=" ">
    <subfield code="a">Stories</subfield>
  </datafield>
  <datafield tag="650" ind1=" " ind2=" ">
    <subfield code="a">Malayalam translation </subfield>
  </datafield>
  <datafield tag="650" ind1=" " ind2=" ">
    <subfield code="a">Spanish short story </subfield>
  </datafield>
  <datafield tag="700" ind1=" " ind2=" ">
    <subfield code="a">Kumar, K. Jeevan (tr.)</subfield>
  </datafield>
  <datafield tag="700" ind1=" " ind2=" ">
    <subfield code="a">Anilkumar, P. (tr.)</subfield>
  </datafield>
  <datafield tag="942" ind1=" " ind2=" ">
    <subfield code="c">BK</subfield>
  </datafield>
  <datafield tag="942" ind1=" " ind2=" ">
    <subfield code="2">ddc</subfield>
  </datafield>
  <datafield tag="999" ind1=" " ind2=" ">
    <subfield code="c">73807</subfield>
    <subfield code="d">73807</subfield>
  </datafield>
  <datafield tag="952" ind1=" " ind2=" ">
    <subfield code="0">0</subfield>
    <subfield code="1">0</subfield>
    <subfield code="2">ddc</subfield>
    <subfield code="4">0</subfield>
    <subfield code="8">MAL</subfield>
    <subfield code="7">0</subfield>
    <subfield code="a">STCPL</subfield>
    <subfield code="b">STCPL</subfield>
    <subfield code="c">MAL</subfield>
    <subfield code="d">2021-07-10</subfield>
    <subfield code="g">350.00</subfield>
    <subfield code="l">3</subfield>
    <subfield code="m">1</subfield>
    <subfield code="o">M301  JOR-B</subfield>
    <subfield code="p">89330</subfield>
    <subfield code="r">2024-12-17 15:40:48</subfield>
    <subfield code="s">2024-03-22</subfield>
    <subfield code="w">2021-07-10</subfield>
    <subfield code="y">BK</subfield>
  </datafield>
</record>
